Desarrollo geotérmicos en parques nacionales, una posibilidad constitucional /

Uloženo v:
Podrobná bibliografie
Hlavní autor: Campos Vargas, Henry
Médium: Text
Témata:
Tagy: Přidat tag
Žádné tagy, Buďte první, kdo vytvoří štítek k tomuto záznamu!

MARC

LEADER 00000 a a2200000 04500
001 3058
003
040
100 |a Campos Vargas, Henry  
245 |a Desarrollo geotérmicos en parques nacionales, una posibilidad constitucional /  |c Henry Campos Vargas 
650 |a DESARROLLO DE RECURSOS  
650 |a PARQUES NACIONALES  
650 |a DERECHO  
650 |a ECOLOGIA  
650 |a COSTA RICA  
650 |a FUENTES DE ENERGIA  
773 |g volumen 26, número 1; páginas 275-281  
999 |c 24843  |d 24843